Le sport durant l'année 2004 - Statistiques

Statistiques générales
  • Ce quiz a été pris 21 fois
  • Le résultat moyen est 19 sur 55
Statistiques - réponses
Questions Réponse % Correct
Vainqueur de l'Open d'Australie Roger Federer
78%
Vainqueur de Wimbledon Roger Federer
78%
Vainqueur de l'US Open Roger Federer
78%
Vainqueur de l'Euro 2004 Grèce
72%
Vainqueur des 6 Nations sur un Grand Chelem France
67%
Première française titrée en natation aux Jeux Olympiques (400m NL) Laure Manaudou
67%
Vainqueur de la Ligue des Champions Porto
67%
Lieu où se tiennent les Jeux Athènes
61%
inscrit un doublé face à l'Angleterre dans les arrêts de jeu de l'Euro Zinédine Zidane
61%
Vainqueur déchu de son sixième Tour de France Lance Armstrong
56%
Il remporte 8 médailles lors des Jeux Olympiques (6 titres) Michael Phelps
56%
Vainqueur pour la troisième fois d'affilée de la Ligue 1 Olympique Lyonnais
56%
Equipe vaincue en quart de finale par Monaco lors de la Ligue des Champions Real Madrid
56%
Elle devient la première française numéro 1 mondiale en septembre Amélie Mauresmo
50%
Cycliste mort à 34 ans dans un hôtel de Rimini Marco Pantani
50%
Equipe vaincu en demi-finale par Monaco lors de la Ligue des Champions Chelsea
44%
Finaliste de cette compétition Maroc
44%
Il remporte son septième maillot à pois et met fin à sa carrière en fin d'année Richard Virenque
44%
Français qui porte le maillot jaune durant 10 jours Thomas Voeckler
44%
Il réalise le doublé olympique en canoë-kayak Tony Estanguet
44%
Vainqueur de la Coupe d'Afrique des Nations Tunisie
44%
Sélectionneur de la France durant la compétition Jacques Santini
39%
Vainqueur de la coupe de l'UEFA Valence
39%
Ils éliminent Team USA et remportent l'or olympique Argentine
33%
Figure du sprint français, elle est éliminée dès les demi-finales Christine Arron
33%
Titré face aux Lakers Detroit Pistons
33%
Il est exclu en finale de la coupe de l'UEFA Fabien Barthez
33%
Il manque sa panenka en finale de la coupe de la Ligue Mickaël Landreau
33%
Buteur en finale face au Portugal et face à la France en quart de finale Angélos Charisteas
28%
Elle est la seule gymnaste championne olympique Emilie Le Pennec
28%
Il remporte l'or au VTT Julien Absalon
28%
Victorieuse à Wimbledon Maria Sharapova
28%
Meilleur buteur de la Ligue des Champions Fernando Morientes
22%
Troisième du Tour de France Ivan Basso
22%
Victorieuse à l'Open d'Australie Justine Hénin
22%
Il remporte la finale du 100 mètres d'un centième Justin Gatlin
22%
Dauphin du vainqueur du Tour de France Andreas Klôden
17%
Meilleur buteur en coupe d'Europe (6 en C3, 5 en C1) Didier Drogba
17%
Capitaine du PSG qui signe l'année suivante à l'OM Frédéric Déhu
17%
Argentin vainqueur à Roland-Garros Gaston Gaudio
17%
Il réalise le doublé 1500-5000 mètres Hicham El-Guerrouj
17%
Equipe vaincue en quart de finale de la coupe UEFA par l'OM Inter Milan
17%
Equipe vaincue en huitième de finale de la coupe UEFA par l'OM Liverpool
17%
Sa femme remporte 4 titres également Liv Grete Poirée
17%
Equipe vaincue en demi-finale de la coupe UEFA par l'OM Newcastle
17%
Il remporte 5 médailles aux championnats du monde de biathlon (3 titres) Raphaël Poirée
17%
Il devient champion du monde de cyclisme pour la troisième fois Oscar Freire
11%
Ce finlandais était l'unique à l'avoir réalisé aux Jeux Olympiques Paavo Nurmi
11%
Position de la France au classement des médailles Septième
11%
Russe victorieuse à Roland-Garros Anastasia Myskina
6%
Italien vainqueur du Giro Damiano Cunego
6%
Vainqueur de Liège-Bastogne-Liège et de la Flèche Wallonne David Rebellin
6%
Star grecque devant allumer la flamme olympique finalement exclu Kostandinos Kenteris
6%
Vainqueur de Paris-Nice Jorg Jacksche
0%
Victorieuse à l'US Open Svetlana Kuznetsova
0%
Aucun quiz correspondant
Distribution des résultats
% des personnes avec chaque résultat
Percentile par nombre de réponses
Votre historique - résultats
Vous n’avez pas pris ce quiz